Геометрия и юстировка крупных зеркальных систем

Dettagli Bibliografici
Autore principale: Бронштейн Ю. Л. Юрий Лазаревич
Riassunto:Книга предназначена для специалистов, связанных с проектированием, изготовлением, геодезическим обеспечением, юстировкой и эксплуатацией крупногабаритных или разнесённых в пространстве зеркальных систем (лазерных систем наведения, солнечных установок, протяженных оптических трактов, оптических телескопов, радиотелескопов, антенн СВЧ-диапазона, антенн космических аппаратов). Она может быть полезна для студентов и аспирантов, обучающихся по соответствующим направлениям.
Lingua:russo
Pubblicazione: Москва, ДПК Пресс, 2020
Soggetti:
Natura: MixedMaterials Libro
KOHA link:https://koha.lib.tpu.ru/cgi-bin/koha/opac-detail.pl?biblionumber=345041

MARC

LEADER 00000nam0a2200000 4500
001 345041
005 20231102005728.0
010 |a 9785919761549 
035 |a (RuTPU)RU\TPU\book\376840 
090 |a 345041 
100 |a 20200708d2020 k y0rusy50 ca 
101 0 |a rus 
102 |a RU 
105 |a a z 001zy 
200 1 |a Геометрия и юстировка крупных зеркальных систем  |f Ю. Л. Бронштейн 
210 |a Москва  |c ДПК Пресс  |d 2020 
215 |a 818 с.  |c ил. 
320 |a Библиогр.: с. 799-818 
330 |a Книга предназначена для специалистов, связанных с проектированием, изготовлением, геодезическим обеспечением, юстировкой и эксплуатацией крупногабаритных или разнесённых в пространстве зеркальных систем (лазерных систем наведения, солнечных установок, протяженных оптических трактов, оптических телескопов, радиотелескопов, антенн СВЧ-диапазона, антенн космических аппаратов). Она может быть полезна для студентов и аспирантов, обучающихся по соответствующим направлениям. 
606 1 |a Зеркальные системы  |2 stltpush  |3 (RuTPU)RU\TPU\subj\80273  |9 88019 
610 1 |a геометрия 
610 1 |a юстировка 
610 1 |a математическое описание 
610 1 |a оптико-информационные зеркальные системы 
610 1 |a оптико-энергетические зеркальные системы 
610 1 |a зеркальные системы наведения 
610 1 |a телескопы 
610 1 |a зеркальные согласующие системы 
610 1 |a космические телескопы 
610 1 |a интерферометры 
610 1 |a зеркальные антенны 
610 1 |a радиотелескопы 
610 1 |a космические радиотелескопы 
610 1 |a бортовые антенны 
675 |a 535.31  |v 4 
700 1 |a Бронштейн  |b Ю. Л.  |g Юрий Лазаревич 
801 1 |a RU  |b 63413507  |c 20200708 
801 2 |a RU  |b 63413507  |c 20200910  |g RCR 
942 |c BK